000 00563nam a2200181 a 4500
001 000030736
005 20200930062459.0
008 110526s1933 xxu 000 0 eng d
040 _aDO-SdBNP
_beng
_cBNPHU
082 _axxxx
_bW721v
100 1 _aWilliams, Joseph John,
_d1875-
_957315
245 1 0 _aVoodoos and obeahs :
_bphrases of the West India witchcraft /
_cJoseph John Williams.
250 _a2a ed.
260 _aNew York :
_bLincoln MacVeagh :
_bDial press,
_c1933.
300 _a257 p. ;
_c23 cm.
504 _aBilbiografía : p.237-248
049 _aBNPD
999 _c30228
_d30228